ادباء المؤتمر ;; Udabāʼ al-muʼtamar / (Record no. 78608)
[ view plain ]
| 000 -LEADER | |
|---|---|
| fixed length control field | 01232aaa a2200253 a 4500 |
| 001 - CONTROL NUMBER | |
| control field | 78608 |
| 003 - CONTROL NUMBER IDENTIFIER | |
| rucl marc code | BD-RjUL |
| 005 - DATE AND TIME OF LATEST TRANSACTION | |
| control field | 20211209083140.0 |
| 008 - FIXED-LENGTH DATA ELEMENTS--GENERAL INFORMATION | |
| fixed length control field | 211019s19661386sa ||||| |||| 00| 0 ara d |
| 035 ## - SYSTEM CONTROL NUMBER | |
| System control number | (BD-RjUL)78834 |
| 040 ## - CATALOGING SOURCE | |
| Original cataloging agency | BD-RjUL |
| Language of cataloging | eng |
| Transcribing agency | BD-RjUL |
| 041 ## - LANGUAGE CODE | |
| Language code of text/sound track or separate title | ara |
| 082 ## - DEWEY DECIMAL CLASSIFICATION NUMBER | |
| Classification number | 892.70992870905 |
| Author mark and year | HEU 1966 |
| 100 10 - MAIN ENTRY--PERSONAL NAME | |
| Personal name | هلالي، عبد الرزاق.;; Helali, Abdel-Razzaq. |
| 9 (RLIN) | 249193 |
| 245 10 - TITLE STATEMENT | |
| Title | ادباء المؤتمر ;; Udabāʼ al-muʼtamar / |
| Statement of responsibility, etc. | جمع مواد الكتاب ومسق معلوماته عبد الرزاق الهلالي ;; jame mawadi alkutaab wamasq maelumatih abd alrazaaq alhilali |
| 260 ## - PUBLICATION, DISTRIBUTION, ETC. (IMPRINT) | |
| Place of publication, distribution, etc. | ، Baghdād : |
| Name of publisher, distributor, etc. | Wزارة الثقافة والارشاد، مديرية الثقافة العامةizārat al-Thaqāfah wa-al-Irshād, Mudīrīyat al-Thaqāfah al-ʻĀmmah, |
| Date of publication, distribution, etc. | 1966 |
| 300 ## - PHYSICAL DESCRIPTION | |
| Pagination | 206 p. : |
| Illustrations | ill. ; |
| Size | 23 cm |
| 490 ## - SERIES STATEMENT | |
| Series statement | سلسلة الكتاب الحديثه ; Silsilat al-kutub al-ḥadīthah, 12. |
| Volume/sequential designation | ١٢ |
| 650 ## - SUBJECT ADDED ENTRY--TOPICAL TERM | |
| Topical term or geographic name as entry element | Authors |
| Geographic subdivision | Arab. |
| 9 (RLIN) | 249194 |
| Topical term or geographic name as entry element | Arabic literature |
| Form subdivision | Bio-bibliography. |
| 9 (RLIN) | 249195 |
| Topical term or geographic name as entry element | Arabic literature. |
| 9 (RLIN) | 249196 |
| 830 ## - SERIES ADDED ENTRY--UNIFORM TITLE | |
| Uniform title | سلسلة الكتاب الحديثه ; Silsilat al-kutub al-ḥadīthah, 12. |
| Volume number/sequential designation | ١٢ |
| 942 ## - ADDED ENTRY ELEMENTS (KOHA) | |
| Source of classification or shelving scheme | Dewey Decimal Classification |
| Koha item type | Books |
| Lost status | Source of classification or shelving scheme | Damaged status | Not for loan | Collection code | Permanent Location | Current Location | Shelving location | Date acquired | Source of acquisition | Total Checkouts | Full call number | Date last seen | Copy number | Koha item type |
|---|---|---|---|---|---|---|---|---|---|---|---|---|---|---|
| Dewey Decimal Classification | Not For Loan | Non-fiction | Central Library, University of Rajshahi | Central Library, University of Rajshahi | Reading Room | 11/07/1973 | Author | A 892.70992870905 HEU 1966 | 19/10/2021 | C-1 | Books |